| 000 | 01813cam a2200373 a 4500 | ||
|---|---|---|---|
| 001 | 15216847 | ||
| 005 | 20090831121746.0 | ||
| 008 | 080312s2008 inua 001 0 eng | ||
| 010 | _a 2008011633 | ||
| 020 | _a9781587132070 (hardcover w/cd) | ||
| 020 | _a1587132079 (hardcover w/cd) | ||
| 035 | _a(OCoLC)ocn213408606 | ||
| 035 | _a(OCoLC)213408606 | ||
| 040 |
_aDLC _cDLC _dBAKER _dC#P _dYDXCP _dDLC |
||
| 050 | 0 | 0 |
_aTK5103.8 _b.L493 2008 |
| 082 | 0 | 0 |
_a004.68 _222 _bLEW |
| 100 | 1 |
_aLewis, Wayne, _cPh.D. _911268 |
|
| 245 | 1 | 0 |
_aLAN switching and wireless : _bCCNA exploration companion guide / _cWayne Lewis. |
| 260 |
_aIndianapolis, Ind. : _bCisco Press, _cc2008. |
||
| 300 |
_axxvi, 497 p. : _bill. (some col.) ; _c25 cm. + _e1 CD-ROM (4 3/4 in.). |
||
| 490 | 1 | _aCisco Networking Academy series | |
| 500 | _aIncludes index. | ||
| 650 | 0 |
_aTelecommunication _xSwitching systems _xExaminations _vStudy guides. _911269 |
|
| 650 | 0 |
_aWireless LANs _xExaminations _vStudy guides. _911270 |
|
| 650 | 0 |
_aTelecommunications engineers _xCertification _xExaminations _vStudy guides. _911271 |
|
| 710 | 2 |
_aCisco Networking Academy Program. _911272 |
|
| 710 | 2 |
_aCisco Systems, Inc. _911273 |
|
| 830 | 0 |
_aCisco Networking Academy Program series. _911274 |
|
| 856 | 4 | 1 |
_3Table of contents only _uhttp://www.loc.gov/catdir/toc/ecip0813/2008011633.html |
| 942 |
_2ddc _cBB |
||
| 999 |
_c13360 _d13360 |
||